| 000 | 00577nam a22001937a 4500 | ||
|---|---|---|---|
| 999 |
_c21178 _d21178 |
||
| 003 | AR-CdUCM | ||
| 008 | 190305b ||||| |||| 00| 0 spa d | ||
| 040 |
_aMUNICIPALIDAD PROVINCIAL DEL CUSCO _cBIBLIOTECA MUNICIPAL DEL CUSCO |
||
| 082 |
_a869.56 / S18 _bS18 |
||
| 100 |
_aSalazar Gamboa, Jorge Rodrigo _944260 |
||
| 245 | _aMioclonia / | ||
| 260 |
_aCusco : _bEcoPrint, _c2017. |
||
| 300 |
_a131 páginas ; _c21 cm. |
||
| 650 |
_aLiteratura Cusqueña _97280 |
||
| 650 |
_aLiteratos cusqueños _944145 |
||
| 650 |
_aSiglo XXI _944261 |
||
| 942 |
_2ddc _cLIBROS |
||
| 945 | _aRoel | ||